| 000 | 00423nam a2200157Ia 4500 | ||
|---|---|---|---|
| 008 | 230524s9999 xx 000 0 und d | ||
| 082 |
_a658 _bMOH |
||
| 100 |
_aGirishbala Mohanty _924202 |
||
| 245 | 0 | _aIndustrial Psychology and Organisational Behaviour | |
| 250 | _a1ST | ||
| 260 |
_aNEW DELHI _bKalyani _c2003 |
||
| 300 | _aXVI;532 | ||
| 500 | _aQuantity Number: 1 | ||
| 650 | _aOrganisational Behaviour | ||
| 942 | _cBK | ||
| 999 |
_c35719 _d35719 |
||